Les 10 joueurs les plus décisifs en Bundesliga. - Statistiques

Statistiques générales
  • Ce quiz a été pris 120 fois
  • Le résultat moyen est 5 sur 10
Statistiques - réponses
G+A Joueurs Clubs Nationalités % Correct
367 Robert Lewandowski DortmundBayern Pologne
99%
304 Thomas Muller Bayern Allemagne
97%
243 Marco Reus GladbachDortmund Allemagne
82%
189 Franck Ribery Bayern France
79%
199 Mario Gomez StuttgartBayern Wolfsburg Allemagne
57%
196 Miroslav Klose KaiserslauternWerder Bayern Allemagne
47%
225 Claudio Pizarro WerderBayern Cologne Perou
41%
171 Stefan Kiessling NurembergLeverkusen Allemagne
15%
172 Vedad Ibisevic AachenHoffenheim Stuttgart Hertha Schalke Bosnie
8%
149 Max Kruse St pauliFribourg Gladbach Wolfsburg Werder Allemagne
4%
Aucun quiz correspondant
Distribution des résultats
% des personnes avec chaque résultat
Percentile par nombre de réponses
Votre historique - résultats
Vous n’avez pas pris ce quiz